Humanizmus je biocentrizmus

Bibliographic Details
Main Author: Krchnák, Peter, 1947- (Author)
Format: Article
Language:Slovak
ISSN:0044-4863
Subjects:

MARC

LEADER 00000nab a2200000 a 4500
001 vtls000477419
003 SK-MaSNL
005 20260303160833.0
008 230223c1992 xo 0 slo
015 |a SNBRB19rr/mm-uuuuu 
035 |a CL0477553 
035 |a urn:nbn:sk:snk-abbn7u 
035 |a (urnnbn)urn:nbn:sk:snk:ar-006dhd 
035 |a (uuid)7ef9004a-bb29-4712-8491-3cead13c310b 
040 |a SNKBUCL  |b slo  |c SNKBUCL  |e AACR2 
041 0 |a slo 
044 |a xo  |c SK 
080 |a 17:1  |2 1981 
080 |a 1  |2 1981 
100 1 |a Krchnák, Peter,  |d 1947-  |4 aut  |9 112494 
245 1 0 |a Humanizmus je biocentrizmus  |c Peter Krchnák 
650 0 7 |a humanizmus  |2 snkbucl  |9 20277 
650 0 7 |a biocentrizmus  |2 snkbucl  |9 53382 
655 7 |a články z novín a časopisov  |2 snkbucl  |9 267496 
773 0 |t Životné prostredie  |g Roč. 26, č. 6 (1992), s. 329-330  |x 0044-4863 
850 |a Slovenská národná knižnica v Martine  |a MTA001 
852 |a SNK  |b KIS3GCP 
954 |a odborná, vedecká literatúra pôvodná (slovenská)  |2 lita 
958 |a OND 
958 |a RK 
958 |a EUIPO 
958 |a article15 
992 |a RBX 
999 |c 2047388  |d 2049318